<?xml version="1.0" encoding="UTF-8"?>
<record
    xmlns:xsi="http://www.w3.org/2001/XMLSchema-instance"
    xsi:schemaLocation="http://www.loc.gov/MARC21/slim http://www.loc.gov/standards/marcxml/schema/MARC21slim.xsd"
    xmlns="http://www.loc.gov/MARC21/slim">

  <leader>00658nam a22001817a 4500</leader>
  <controlfield tag="005">20221119122216.0</controlfield>
  <controlfield tag="008">221119b           ||||| |||| 00| 0 eng d</controlfield>
  <datafield tag="040" ind1=" " ind2=" ">
    <subfield code="c">AL</subfield>
  </datafield>
  <datafield tag="041" ind1=" " ind2=" ">
    <subfield code="a">Hindi</subfield>
  </datafield>
  <datafield tag="082" ind1=" " ind2=" ">
    <subfield code="2">23</subfield>
    <subfield code="a">H891.4</subfield>
    <subfield code="b">SIMK</subfield>
  </datafield>
  <datafield tag="100" ind1=" " ind2=" ">
    <subfield code="a">Ram Siya Simha    &#x930;&#x93E;&#x92E; &#x938;&#x93F;&#x92F;&#x93E; &#x938;&#x93F;&#x902;&#x939; </subfield>
    <subfield code="9">62830</subfield>
  </datafield>
  <datafield tag="245" ind1=" " ind2=" ">
    <subfield code="a">Kurmyanshi Kshatriya Kirtikatha &#x915;&#x941;&#x930;&#x92E;&#x92F;&#x93E;&#x902;&#x936;&#x940; &#x915;&#x94D;&#x937;&#x924;&#x94D;&#x930;&#x93F;&#x92F; &#x915;&#x940;&#x930;&#x94D;&#x924;&#x93F;&#x915;&#x925;&#x93E; </subfield>
  </datafield>
  <datafield tag="260" ind1=" " ind2=" ">
    <subfield code="a">Madhya Pradesh</subfield>
    <subfield code="b">Samatha Prakshan</subfield>
    <subfield code="c">1994</subfield>
  </datafield>
  <datafield tag="300" ind1=" " ind2=" ">
    <subfield code="a">176 p.</subfield>
    <subfield code="b">PB</subfield>
    <subfield code="c">21.7x13.4 cm.</subfield>
  </datafield>
  <datafield tag="650" ind1=" " ind2=" ">
    <subfield code="a">Hindi Prose</subfield>
    <subfield code="9">62831</subfield>
  </datafield>
  <datafield tag="700" ind1=" " ind2=" ">
    <subfield code="a">SIMHA (Ram Siya)   &#x938;&#x93F;&#x902;&#x939; ( &#x930;&#x93E;&#x92E; &#x938;&#x93F;&#x92F;&#x93E;)</subfield>
    <subfield code="9">62832</subfield>
  </datafield>
  <datafield tag="942" ind1=" " ind2=" ">
    <subfield code="2">ddc</subfield>
    <subfield code="c">GF</subfield>
  </datafield>
  <datafield tag="999" ind1=" " ind2=" ">
    <subfield code="c">225228</subfield>
    <subfield code="d">225228</subfield>
  </datafield>
  <datafield tag="952" ind1=" " ind2=" ">
    <subfield code="0">0</subfield>
    <subfield code="1">0</subfield>
    <subfield code="2">ddc</subfield>
    <subfield code="4">0</subfield>
    <subfield code="7">0</subfield>
    <subfield code="8">HIN</subfield>
    <subfield code="a">AL</subfield>
    <subfield code="b">AL</subfield>
    <subfield code="d">2013-03-23</subfield>
    <subfield code="l">0</subfield>
    <subfield code="o">H891.4 SIMK</subfield>
    <subfield code="p">GF02794</subfield>
    <subfield code="r">2022-11-19 00:00:00</subfield>
    <subfield code="w">2022-11-19</subfield>
    <subfield code="y">GF</subfield>
  </datafield>
</record>
